| 000 | 00659nam a22002177a 4500 | ||
|---|---|---|---|
| 999 |
_c9550 _d9550 |
||
| 003 | AR-CdUCM | ||
| 008 | 190328b ||||| |||| 00| 0 spa d | ||
| 020 | _a978-84-236-8986-6 | ||
| 040 |
_aMUNICIPALIDAD PROVINCIAL DEL CUSCO _cBIBLIOTECA MUNICIPAL DEL CUSCO |
||
| 041 | _hspa | ||
| 082 |
_213ed. _aES / 803 / _bN29 |
||
| 100 |
_aNavarro Durán, Rosa _925823 |
||
| 245 | _aEl Lazarillo contado a los niños / | ||
| 260 |
_aBarcelona : _bEdebé, _c2008. |
||
| 300 |
_a167 páginas ; _bIlustraciones. _c20 cm. |
||
| 650 |
_aLiteratura infantil _9588 |
||
| 650 |
_aSiglo XXI _92856 |
||
| 700 |
_aRovira, Francesc _925824 |
||
| 942 |
_2ddc _cLIBROS |
||
| 945 | _aafb | ||